Normal view
MARC view
Entry Nome pessoal
001 - NÚMERO DE CONTROLE
- campo de controle: 429
003 - IDENTIFICADOR DO NÚMERO DE CONTROLE
- campo de controle: Br
005 - DATA E HORÁRIO DA ÚLTIMA TRANSAÇÃO
- campo de controle: 20250204085415.0
008 - CAMPO DE DADOS FIXOS
- campo de controle de tamanho fixo: 071101|| acnacaban aaaa d
035 ## - NÚMERO DE CONTROLE DO SISTEMA
- Número de Controle do Sistema: 2007110117590467med
040 ## - FONTE DA CATALOGAÇÃO
- Instituição da catalogação original: Br
- Instituição que transcreveu o registro: Br
- Convenções de cabeçalho de assunto/tesauros: Br
100 1# - CABEÇALHO--NOME PESSOAL
- Nome pessoal: Falcones de Sierra, Ildefonso,
- Datas associadas ao nome: 1959-
400 1# - REMISSIVA VER--NOME PESSOAL
- Nome pessoal: Falcones, Ildefonso
- Datas associadas ao nome: 1959-
400 1# - REMISSIVA VER--NOME PESSOAL
- Nome pessoal: Sierra, Ildefonso Falcones de
- Datas associadas ao nome: 1959-
670 1# - FONTE POSITIVA DOS DADOS
- Citação da fonte positiva dos dados: Autor de: A catedral do mar. 2007.
- Dados encontrados na fonte localizada no subcampo: (orelha: advogado; vive e trabalha em Barcelona, na Catalunha; p.r.: Ildefonso Falcones)
670 ## - FONTE POSITIVA DOS DADOS
- Citação da fonte positiva dos dados: LC authorites 31/10/07
- Dados encontrados na fonte localizada no subcampo: (rem.; d.n.)
675 ## - FONTE NEGATIVA DOS DADOS
- Citação da fonte positiva dos dados: http://www.bne.es